[Event "Giessen Feb-IM"]
[Site "Giessen"]
[Date "1994.??.??"]
[Round "5"]
[White "Reschke, Stefan"]
[Black "Schwarz, Peter"]
[Result "1/2-1/2"]
[WhiteElo "2390"]
[BlackElo "2300"]

1.c4 e6 2.Nf3 d5 3.b3 Nf6 4.Bb2 Be7 5.g3 O-O 6.Bg2 c5 7.e3 Nc6 8.O-O b6 9.Qe2 Bb7
10.Nc3 dxc4 11.bxc4 Qc7 12.Rfd1 a6 13.Rab1 Rfd8 14.Ba1 Rab8 15.a4 Na5 16.Ne1 Bxg2
17.Nxg2 Ne8 18.d3 Qc6 19.Nf4 Nb7 20.Rb3 Na5 21.Ra3 Rd7 22.h4 Rbd8 23.Rb1 Bd6
24.Ng2 Bc7 25.Ne1 Rb8 26.h5 h6 27.f4 Bd8 28.Ra2 Rdb7 29.Nf3 Nd6 30.Ne5 Qe8
31.Ne4 Nxe4 32.dxe4 Bf6 33.Qg4 Kh7 34.Bc3 Nc6 35.Nxc6 Qxc6 36.e5 Qe4 37.Re1 Be7
38.Qe2 Rd7 39.Rc1 Rd3 40.Bd2 Rbd8 41.Kf2 f6 42.exf6 Bxf6 43.Kg1 Rb3 44.Kf2 Rdd3
45.Qf3 Qxf3+ 46.Kxf3 Bb2 47.Rd1 Bc3 48.Kg4 Bxd2 49.Raxd2 Rxe3 50.Rg2 Re4
51.a5 Rxc4 52.axb6 Rxb6 53.Rd7 Rd4 54.Rc7 c4 55.Rc2 e5 56.R7xc4 Rxc4 57.Rxc4 exf4
58.gxf4 a5 59.Ra4 Ra6 60.Kf5 Kg8 61.Ke5 Kf7 62.Kf5 Ra7 63.Ke5 Ra8 64.Kf5 Ra6
65.Ke5  1/2-1/2

[Event "Graz-ch"]
[Site "Graz"]
[Date "1994.??.??"]
[Round "4"]
[White "Stuhlik, Marko"]
[Black "Vodep, Otto"]
[Result "1-0"]
[WhiteElo "2170"]
[BlackElo "2155"]

1.c4 e6 2.Nf3 d5 3.g3 Nf6 4.b3 Be7 5.Bg2 O-O 6.O-O c5 7.Bb2 Nc6 8.d3 b6 9.Nbd2 Bb7
10.e3 Qd7 11.Qe2 Rfd8 12.Rfd1 Rac8 13.Rac1 Qc7 14.cxd5 Nxd5 15.Nc4 Bf6 16.e4 Bxb2
17.exd5 exd5 18.Nxb2 Re8 19.Qd2 d4 20.Re1 Qd7 21.Rxe8+ Rxe8 22.Re1  1-0

[Event "Groningen op"]
[Site "Groningen"]
[Date "1994.??.??"]
[Round "10"]
[White "Berg, Klaus"]
[Black "Zak, Uriel"]
[Result "1/2-1/2"]
[WhiteElo "2435"]
[BlackElo "2370"]

1.c4 e6 2.Nf3 d5 3.d4 c6 4.e3 Nf6 5.Bd3 Nbd7 6.O-O dxc4 7.Bxc4 b5 8.Bd3 a6
9.a4 Bb7 10.Nbd2 Bd6 11.e4 e5 12.dxe5 Nxe5 13.Nxe5 Bxe5 14.Nf3 Qe7 15.Qe2 O-O
16.Nxe5 Qxe5 17.f4 Qe7 18.e5 Nd5 19.Qh5 g6 20.Qh6 f5 21.exf6 Qxf6 22.Ra3 Rae8
23.f5 Qd4+ 24.Kh1 gxf5 25.Bc2 Rf7 26.Raf3 Qe5 27.Qh5 f4 28.Rg3+ Kf8 29.Qh6+ Ke7
30.Rgf3 Kd7 31.Bb3 Re6 32.Qh3 c5 33.Bxf4 Qxb2 34.Bxd5 Bxd5 35.Qh5 Bxf3 36.Qxf7+ Re7
37.Qf5+ Kc6 38.Qc8+ Kd5 39.Qd8+ Kc4 40.Qg8+ Kb4  1/2-1/2

[Event "Haarlem AKN"]
[Site "Haarlem"]
[Date "1994.??.??"]
[Round "4"]
[White "Cifuentes Parada, Roberto"]
[Black "Jonkman, Harmen"]
[Result "1-0"]
[WhiteElo "2500"]
[BlackElo "2340"]

1.c4 e6 2.Nf3 d5 3.g3 Nf6 4.Bg2 Be7 5.O-O O-O 6.d4 dxc4 7.Qc2 a6 8.a4 c5
9.dxc5 Bxc5 10.Ne5 Qc7 11.Nxc4 Nbd7 12.Bd2 Nd5 13.Nba3 b6 14.b4 Bd4 15.Rac1 Bb7
16.Qd3 Be5 17.e4 N5f6 18.f4 Rad8 19.fxe5 Nxe5 20.Qe2 Nd3 21.Rc2 Qd7 22.Bc3 b5
23.axb5 axb5 24.Na5 e5 25.Nxb7 Qxb7 26.Kh1 Rd6 27.Rd2 Rfd8 28.h3 Qc6 29.Nb1 Qc4
30.Kh2 h5 31.Rfd1 h4 32.gxh4 g6 33.Bxe5 Nxe5 34.Qxc4 Rxd2 35.Rxd2 Rxd2 36.Qc8+  1-0

[Event "Harkany op"]
[Site "Harkany"]
[Date "1994.??.??"]
[Round "9"]
[White "Chernyshov, Konstantin"]
[Black "Horvath, Peter"]
[Result "1-0"]
[WhiteElo "2485"]
[BlackElo "2390"]

1.c4 e6 2.Nf3 d5 3.g3 c5 4.Bg2 Nc6 5.O-O Nf6 6.cxd5 exd5 7.d4 Be7 8.b3 O-O
9.Bb2 Ne4 10.dxc5 Nxc5 11.Na3 Bf5 12.Nb5 Be4 13.Qd2 Bf6 14.Rac1 Ne6 15.Rfd1 Bxb2
16.Qxb2 Qb6 17.Nc3 Rad8 18.e3 Nb4 19.Na4 Qa6 20.Qd2 Nd3 21.Rc3 b5 22.Rxd3 bxa4
23.Rc3 Bxf3 24.Bxf3 d4 25.Rc4 axb3 26.axb3 dxe3 27.Qxe3 Rxd1+ 28.Bxd1 Qb6
29.Bf3 Qxe3 30.fxe3 Rd8 31.Kf2 Kf8 32.Ke2 Ke7 33.Ra4 Rd7 34.Ra5 h6 35.Bd5 Kd6
36.e4 Rc7 37.Ke3 Rc3+ 38.Kd2 Rc7 39.b4 Nd4 40.Kd3 Nc6 41.Ra6 Kd7 42.Bxc6+ Rxc6
43.Rxa7+ Ke6 44.Ra2 Ke5 45.b5 Rd6+ 46.Kc4 Kxe4 47.Kc5 Rd1 48.b6 Rc1+ 49.Kd6 Rb1
50.Kc7 g5 51.b7 Rc1+ 52.Kb8 f5 53.Ka7 Rb1 54.b8=Q Rxb8 55.Kxb8 f4 56.gxf4 Kxf4
57.Kc7 h5 58.Kd6 g4 59.Ra4+  1-0

[Event "Havana op"]
[Site "Havana"]
[Date "1994.??.??"]
[Round "2"]
[White "Lopez Jimenez, Armando"]
[Black "Sieiro Gonzalez, Luis"]
[Result "1/2-1/2"]
[WhiteElo "2295"]
[BlackElo "2405"]

1.c4 e6 2.Nf3 d5 3.b3 c5 4.e3 Nf6 5.Be2 Nc6 6.O-O Be7 7.cxd5 Nxd5 8.Bb2 O-O
9.d3 b6 10.a3 Bb7 11.Nbd2 Bf6 12.Qc2 Bxb2  1/2-1/2

[Event "FIN-ch"]
[Site "Helsinki"]
[Date "1994.??.??"]
[Round "?"]
[White "Raaste, Eero J"]
[Black "Kekki, Petri"]
[Result "0-1"]
[WhiteElo "2350"]
[BlackElo "2275"]

1.c4 e6 2.Nf3 d5 3.g3 dxc4 4.Qa4+ Nd7 5.Bg2 a6 6.Qxc4 b5 7.Qc2 Bb7 8.O-O Ngf6
9.d3 Bd6 10.Nbd2 c5 11.b3 O-O 12.Bb2 Qb6 13.a3 h6 14.Rac1 Rac8 15.Qb1 Qa7
16.Qa1 Qa8 17.Rc2 Rfd8 18.Rfc1 Bf8 19.Bh3 Ne8 20.Bc3 Nd6 21.Ne1 Re8 22.Ba5 Be7
23.Ndf3 c4 24.bxc4 bxc4 25.dxc4 Be4 26.Rd2 Rxc4 27.Bb4 Bf6 28.Nd4 Qc8 29.Rcd1 Nb5
30.Nxb5 axb5 31.Qa2 Nb6 32.f3 Bb7 33.e4 Na4 34.Bf1 Nc3 35.Qb3 Nxd1 36.Bxc4 bxc4
37.Qxd1 c3 38.Rc2 Qc6 39.Nd3 Rd8  0-1

[Event "HUN-chT 9394"]
[Site "?"]
[Date "1994.??.??"]
[Round "?"]
[White "Erdelyi, Tamas"]
[Black "Izsak, Gyula"]
[Result "1-0"]
[WhiteElo "2330"]
[BlackElo "2365"]

1.c4 e6 2.Nf3 d5 3.b3 Nf6 4.g3 c5 5.Bg2 Nc6 6.cxd5 exd5 7.d4 cxd4 8.O-O Bc5
9.Bb2 Qb6 10.a3 O-O 11.Ne1 Bf5 12.Nd3 Bd6 13.Nd2 Ne4 14.Rc1 Rac8 15.Nf3 Rfe8
16.b4 h6 17.Qb3 Be6 18.Qa4 a6 19.Rfd1 Bg4 20.Re1 Red8 21.Qd1 Bxf3 22.Bxf3 a5
23.bxa5 Nxa5 24.Rxc8 Rxc8 25.Nb4 Bxb4 26.axb4 Qxb4 27.Bxd4 b5 28.e3 Nb3 29.Bxe4 Rc1
30.Bh7+ Kh8 31.Qxc1 Nxc1 32.Rxc1 Kxh7 33.Rc6 h5 34.h3 Qb1+ 35.Kg2 b4 36.g4 Qe4+
37.f3 Qd3 38.gxh5 Qd2+ 39.Kg3 b3 40.Rb6 Qd1 41.Kf2 Qc2+ 42.Kg3 Qc7+ 43.Kg2 Qxb6  1-0

[Event "HUN-chT 9394"]
[Site "?"]
[Date "1994.??.??"]
[Round "?"]
[White "Horvath, Gyula"]
[Black "Laszlo, Janos"]
[Result "1/2-1/2"]
[WhiteElo "2435"]
[BlackElo "2280"]

1.c4 e6 2.Nf3 d5 3.g3 dxc4 4.Qa4+ Nd7 5.Bg2 a6 6.Qxc4 b5 7.Qc2 Bb7 8.O-O c5
9.b3 Be7 10.Bb2 Bf6 11.Nc3 Ne7 12.Rac1 Qb6 13.Rfd1 O-O 14.Qb1 Rac8 15.d3 Rfd8
16.a3 Nd5 17.Ne4 Bxb2 18.Qxb2 N5f6 19.Ned2 h6 20.Rc2 Rc7 21.Rdc1 Rdc8 22.Ne5 Bxg2
23.Nxd7 Nxd7 24.Kxg2 Qb7+ 25.Kg1 h5 26.h4 Nf6 27.Qe5 Qd5 28.Qf4 Rc6 29.Qg5 R8c7
30.Rc3 Qd6 31.Nf3 b4 32.Rc4 bxa3 33.Ra1 Rb6 34.Rxa3 Rb4 35.Qe5 Qb6 36.Rxa6 Qxa6
37.Qxc7 Rxb3 38.Qd8+ Kh7 39.Rxc5 Rb1+ 40.Kg2 Qb7 41.Rc7 Qb2 42.Ng5+ Kg6 43.Qf8 Qxe2
44.Qxf7+ Kf5 45.Qxe6+ Qxe6 46.Nxe6 Kxe6 47.Rxg7  1/2-1/2

[Event "HUN-chT2 9394"]
[Site "?"]
[Date "1994.??.??"]
[Round "?"]
[White "Solymosi, Istvan"]
[Black "Szollosi, Laszlo Jr"]
[Result "1/2-1/2"]
[WhiteElo "2285"]
[BlackElo "2345"]

1.c4 e6 2.Nf3 d5 3.cxd5 exd5 4.d4 Nf6 5.Bg5 Be7 6.Nc3 c6 7.e3 Bf5 8.Bd3 Bxd3
9.Qxd3 Nbd7 10.O-O O-O  1/2-1/2

[Event "HUN-chT2 9394"]
[Site "?"]
[Date "1994.??.??"]
[Round "?"]
[White "Wells, Peter K"]
[Black "Nemeth, Zoltan"]
[Result "1/2-1/2"]
[WhiteElo "2490"]
[BlackElo "2370"]

1.c4 e6 2.Nf3 d5 3.b3 Nf6 4.g3 b6 5.Bg2 Bb7 6.O-O Be7 7.Bb2 Nbd7 8.e3 c5
9.Qe2 O-O 10.Nc3 Rc8 11.Rfd1 Qc7 12.Rac1 dxc4 13.bxc4 a6 14.d3 Rfd8 15.h3 Ne8
16.a4 Bf6 17.Ne1 Bxg2 18.Nxg2 Qc6 19.f4 Nd6 20.g4 b5 21.axb5 axb5 22.cxb5 Nxb5
23.Ne4 Bxb2 24.Qxb2 Nd6 25.Ng3 c4 26.dxc4 Nxc4 27.Qd4 Qc7 28.Nh5 e5 29.Qe4 exf4
30.Ngxf4 Ndb6 31.Nd5 Nxd5 32.Rxd5 Nd2 33.Rxc7 Nxe4 34.Rc4 Re8 35.Rxc8 Rxc8
36.Re5 Nc5 37.Ng3 Ne6 38.Rd5 Rc2 39.Ne4 h6 40.Rd2 Rxd2 41.Nxd2 Nc5 42.Kf2 f6
43.Nf3 Ne4+ 44.Kg2 Kf7  1/2-1/2

[Event "JUG-chT"]
[Site "Igalo"]
[Date "1994.??.??"]
[Round "?"]
[White "Maric, Alisa"]
[Black "Voiska, Margarita"]
[Result "1/2-1/2"]
[WhiteElo "2400"]
[BlackElo "2350"]

1.Nf3 e6 2.c4 d5 3.d4 c6 4.Nbd2 f5 5.g3 Nf6 6.Bg2 Bd6 7.O-O O-O 8.b3 Qe7
9.Bb2 b6 10.Ne5 Bb7 11.Rc1 Na6 12.e3 Rac8 13.Qe2  1/2-1/2

[Event "JUG-chT"]
[Site "Igalo"]
[Date "1994.??.??"]
[Round "?"]
[White "Skembris, Spyridon"]
[Black "Vasiljevic, Dragan"]
[Result "0-1"]
[WhiteElo "2525"]
[BlackElo "2410"]

1.c4 e6 2.Nf3 d5 3.d4 Nf6 4.Nc3 Bb4 5.Bg5 h6 6.Bxf6 Qxf6 7.Qb3 c5 8.a3 cxd4
9.axb4 dxc3 10.cxd5 cxb2 11.Rb1 exd5 12.Qxd5 O-O 13.Qd4 Qe7 14.Qxb2 Bf5 15.Rc1 Nc6
16.Rc5 Bg6 17.Rc4 a5 18.b5 Nb4 19.e3 Rac8 20.Ne5 Nc2+ 21.Kd2 Rfd8+ 22.Bd3 Rxc4
23.Nxg6 Qb4+ 24.Qxb4 Nxb4  0-1

[Event "IRL-ch"]
[Site "?"]
[Date "1994.??.??"]
[Round "8"]
[White "O'Cinneide, Mel"]
[Black "Orr, Mark J L"]
[Result "1-0"]
[WhiteElo "2270"]
[BlackElo "2370"]

1.c4 e6 2.Nf3 d5 3.b3 Nf6 4.g3 a5 5.Nc3 c6 6.e3 Nbd7 7.Bg2 Bb4 8.Qc2 O-O
9.O-O Re8 10.d4 b6 11.Rd1 Ba6 12.Nd2 Rc8 13.Bb2 c5 14.dxc5 Bxc5 15.cxd5 exd5
16.Rac1 Rxe3 17.Qf5 Re5 18.Qf4 d4 19.Nce4 Nd5 20.Qf3 Nb4 21.Nc4 Nxa2 22.Ncd6 Qf8
23.Ra1 Bxd6 24.Rxd4 Rxe4 25.Qxe4 Nb4 26.Rad1 Be5 27.Rxd7 Bxb2 28.Qf5 g6 29.Qg5 h6
30.Qe3 Re8 31.Qxb6 Be2 32.R1d6 Bg4 33.Rxg6+ fxg6 34.Qxg6+ Bg7 35.Qxg4 Re7
36.Rd1 Qe8 37.Bf1 Re1 38.Rd7 Qf8 39.Qc4+ Kh8 40.Qc7  1-0

[Event "Isle of Man op"]
[Site "Isle of Man"]
[Date "1994.??.??"]
[Round "1"]
[White "Ludgate, Alan"]
[Black "Flear, Glenn C"]
[Result "0-1"]
[WhiteElo "2275"]
[BlackElo "2505"]

1.c4 e6 2.Nf3 d5 3.b3 Nf6 4.g3 Be7 5.Bg2 O-O 6.O-O c5 7.Bb2 Nc6 8.e3 d4 9.exd4 cxd4
10.Re1 Ne8 11.d3 Nc7 12.a3 a5 13.Nbd2 f6 14.h3 e5 15.Nf1 Rb8 16.Rc1 Be6 17.g4 Qd7
18.Ng3 Rfc8 19.a4 Nb4 20.Qe2 Bf7 21.Bxd4 Ne6 22.Bxe5 fxe5 23.Nxe5 Qd6 24.Nxf7 Kxf7
25.Nf5 Qd7 26.Nxe7 Kxe7 27.d4 Kf7 28.Qe4 Nf8 29.Rc3 Kg8 30.Rce3 Ng6 31.d5 Rf8
32.Qe6+ Qxe6 33.Rxe6 Nd3 34.Rf1 Ngf4 35.Re7 Rf7 36.Rxf7 Kxf7 37.Rd1 Nc5 38.Rb1 Ke7
39.Bf1 Kd6 40.b4 axb4 41.Rxb4 Ra8 42.f3 Rxa4 43.Rxa4 Nxa4 44.Kf2 Nc5 45.Ke3 Ke5
46.h4 h6 47.h5 b6  0-1

[Event "Isle of Man op"]
[Site "Isle of Man"]
[Date "1994.??.??"]
[Round "7"]
[White "Ludgate, Alan"]
[Black "Baburin, Alexander"]
[Result "1/2-1/2"]
[WhiteElo "2275"]
[BlackElo "2515"]

1.c4 e6 2.Nf3 d5 3.b3 Nf6 4.g3 a5 5.Nc3 d4 6.Nb5 Bc5 7.Bb2 Nc6 8.Bg2 e5 9.d3 O-O
10.O-O Re8 11.Ng5 a4 12.Na3 Nd7 13.Ne4 Be7 14.Nc2 f5 15.Nd2 Kh8 16.a3 axb3
17.Nxb3 Nb6 18.Ra2 Be6 19.f4 Nxc4 20.dxc4 Bxc4 21.Bxc6 bxc6 22.Nca1 Rb8 23.fxe5 Qd5
24.Rf3 c5 25.Bc1 Qxe5 26.Qc2 Qe6 27.Rb2  1/2-1/2

[Event "ISR-ch (Women)"]
[Site "?"]
[Date "1994.??.??"]
[Round "?"]
[White "Pitam, Ela"]
[Black "Yudasina, Irina"]
[Result "0-1"]
[WhiteElo "2135"]
[BlackElo "2255"]

1.c4 e6 2.Nf3 d5 3.d4 Nf6 4.Nc3 Be7 5.Bg5 O-O 6.e3 Nbd7 7.cxd5 exd5 8.Bd3 c6
9.O-O Ne4 10.Bf4 Ndf6 11.Qc2 Nxc3 12.bxc3 h6 13.h3 Be6 14.Rab1 b6 15.Ne5 Qc8
16.Qe2 b5 17.Rbe1 a6 18.Bb1 c5 19.Qd3 Re8 20.f3 Bf8 21.Ng4 Bxg4 22.hxg4 g6
23.Be5 Bg7 24.a3 Qe6 25.Qd2 a5 26.Qf2 cxd4 27.cxd4 Rac8 28.Qb2 Qb6 29.Ba2 b4
30.axb4 axb4 31.f4 Red8 32.g5 hxg5 33.fxg5 Ne4 34.Bf4 Rc3 35.Rd1 Bf8 36.Bb3 Qe6
37.Qa2 Be7 38.Rc1  0-1

[Event "ITA-chT"]
[Site "Italy"]
[Date "1994.??.??"]
[Round "?"]
[White "Di Donna, Massimo"]
[Black "Valenti, Giuseppe"]
[Result "1/2-1/2"]
[WhiteElo "2235"]
[BlackElo "2245"]

1.c4 e6 2.Nf3 d5 3.b3 Nf6 4.g3 Bd6 5.Bb2 O-O 6.Bg2 Nbd7 7.O-O c5 8.cxd5 exd5
9.d4 b6 10.Nc3 Bb7 11.Rc1 Re8 12.Re1  1/2-1/2

[Event "Jakarta"]
[Site "Jakarta"]
[Date "1994.??.??"]
[Round "3"]
[White "Liu Dede"]
[Black "Handoko, Edhi"]
[Result "0-1"]
[WhiteElo "2320"]
[BlackElo "2490"]

1.c4 e6 2.Nf3 d5 3.g3 Nf6 4.Bg2 c5 5.O-O Nc6 6.cxd5 exd5 7.d4 cxd4 8.Nxd4 Be7
9.Nc3 O-O 10.Bg5 h6 11.Bxf6 Bxf6 12.Nxc6 bxc6 13.Na4 Rb8 14.Qd2 Re8 15.Rfe1 Bg4
16.Rac1 Qd6 17.b3 Rbc8 18.e4 Red8 19.h3 Be6 20.Nc5 Rb8 21.exd5 Bxd5 22.b4 Bg5
23.f4 Bf6 24.a4 Qf8 25.Bf1 Bf3 26.Nd7 Rxd7 27.Qxd7 Rd8 28.Qf5 Qxb4 29.Kf2 Bd5
30.Be2 Qd4+ 31.Kf1  0-1

[Event "JUG-chT2"]
[Site "?"]
[Date "1994.??.??"]
[Round "1"]
[White "Masic, Ljubomir"]
[Black "Todic, Zoran"]
[Result "1/2-1/2"]
[WhiteElo "2280"]
[BlackElo "2230"]

1.c4 e6 2.Nf3 d5 3.g3 c6 4.Qc2 f5 5.Bg2 Bd6 6.b3 Nf6 7.Bb2 Qe7 8.cxd5 exd5
9.O-O O-O 10.e3 a5 11.Nc3 Na6 12.a3 Bd7 13.Na4 Bc7 14.Bd4 Rae8 15.Rfc1 Ne4
16.Bb6 Qd8 17.Bxc7 Nxc7 18.Qb2 Nb5 19.d3 Ned6 20.Ne5 Bc8 21.Nc5 Nf7 22.d4 Nbd6
23.a4 Nxe5 24.dxe5 Ne4 25.Nd3 Qb6 26.Rab1 Qa6 27.Qd4 h5 28.f3 Ng5 29.Nc5 Qa8
30.h4 Nf7 31.Nd3 Re7 32.f4 Be6 33.Qb6 Qd8 34.Qd4 Qc7 35.Rc3 Ra8 36.Rbc1 Qd8
37.Bf3 g6  1/2-1/2

[Event "JUG-chT2"]
[Site "?"]
[Date "1994.??.??"]
[Round "4"]
[White "Chilingirova, Pavlina"]
[Black "Aleksieva, Silvia"]
[Result "1/2-1/2"]
[WhiteElo "2305"]
[BlackElo "2240"]

1.c4 e6 2.Nf3 d5 3.b3 a5 4.g3 Nf6 5.Bg2 a4 6.Ba3 axb3 7.axb3 Bxa3 8.Rxa3 Rxa3
9.Nxa3 c6 10.O-O Qb6 11.Qb1 Na6 12.Nc2 O-O 13.Qa2 Ne4 14.b4 dxc4 15.Qxc4 Nd6
16.Qf4 c5 17.bxc5 Qxc5 18.Ne3 b5 19.Qd4 Bb7 20.Rb1 Rc8 21.Qxc5 Rxc5 22.Nd4 Bxg2
23.Kxg2 Kf8 24.Ra1 Nc7 25.Nb3 Rc6 26.Kf1 Ke7 27.Ke1 Kd7 28.Kd1 h5 29.Nc2 Ne4
30.Nb4 Nxf2+ 31.Ke1 Rc4 32.Na2 Ng4 33.h3 Nf6 34.d3 Rc6 35.Nb4 Rb6 36.Kd2 Nfd5
37.Nxd5 exd5 38.Rf1 Ke7 39.Nd4 g6 40.Rc1 Ne6 41.Nc6+ Kd6 42.Nb4 Nd4 43.Rc8 Nc6
44.Nxc6 Rxc6 45.Rb8 Kc5 46.Kc3 d4+ 47.Kb3 Re6 48.Rc8+ Kd5 49.Rd8+ Kc5 50.Rc8+ Kb6
51.Rf8 Rxe2 52.Rxf7 Re3 53.Kb4 Rxg3 54.Rf6+ Kc7 55.Kxb5 g5 56.h4 gxh4 57.Rf5 Rxd3
58.Kc4 Rh3 59.Kxd4 Rh1 60.Rxh5 h3 61.Ke3 h2 62.Kf2  1/2-1/2

[Event "Heart of Finland op 4th"]
[Site "Jyvaskyla"]
[Date "1994.??.??"]
[Round "?"]
[White "Haapasalo, Jukka Pekka"]
[Black "Nevanlinna, Risto"]
[Result "0-1"]
[WhiteElo "2230"]
[BlackElo "2300"]

1.c4 e6 2.Nf3 d5 3.e3 Nf6 4.b3 c5 5.g3 Nc6 6.a3 e5 7.cxd5 Nxd5 8.Qc2 Be7
9.Bb2 Qd6 10.d3 f5 11.Nbd2 Bf6 12.Be2 b6 13.O-O Bb7 14.Rfd1 O-O 15.Rac1 Kh8
16.Qb1 f4 17.Ne4 Qe6 18.exf4 exf4 19.Re1 Nd4 20.Bxd4 Bxd4 21.Nxd4 cxd4 22.Bf1 fxg3
23.hxg3 Qg4 24.Bg2 Nc3 25.Qb2 Rac8 26.Nxc3 Bxg2 27.Kxg2 Qf3+ 28.Kg1 dxc3
29.Qe2 Qd5 30.Qc2 h6 31.Re4 b5 32.Rce1 Rfd8 33.Re5 Qd7 34.Re7 Qh3 35.d4 Qg4
36.d5 Qd4 37.Rd1 Qc5 38.Re3 Kg8 39.d6 Rxd6 40.Rxd6 Qxd6 41.Rxc3 Rxc3 42.Qxc3 Qxa3
43.Qc8+ Qf8 44.Qa6 Qc5 45.Qe6+ Kf8 46.Qd7 b4 47.Qd8+ Kf7 48.Qd7+ Kf6 49.Qd8+ Ke5
50.Qd7 g5 51.Qg7+ Ke4 52.Qxh6 Kd3 53.Qe6 Kc2 54.Kg2 Qd4 55.Kf3 a5 56.Ke2 Qd3+
57.Ke1 Qd1+  0-1

[Event "Kassel op"]
[Site "Kassel"]
[Date "1994.??.??"]
[Round "5"]
[White "Cicak, Slavko"]
[Black "Panchenko, Alexandar G"]
[Result "0-1"]
[WhiteElo "2310"]
[BlackElo "2485"]

1.c4 e6 2.Nf3 d5 3.d4 c6 4.Nc3 dxc4 5.a4 Bb4 6.e4 b5 7.Be2 Nf6 8.Qc2 Bb7
9.O-O a6 10.Bg5 h6 11.Bh4 Be7 12.e5 Nd5 13.Bxe7 Qxe7 14.Nd2 Nd7 15.Nde4 O-O
16.Nd6 Nxc3 17.bxc3 Nb6 18.f4 f5 19.g4 g6 20.gxf5 gxf5 21.Bf3 Kh8 22.Kh1 Nxa4
23.Rxa4 bxa4 24.Qxa4 Rab8 25.Qxc4 c5 26.Nxb7 Rxb7 27.Qxa6 Rb2 28.Qa3 Rfb8
29.Qa1 cxd4 30.cxd4 Qh4 31.Bg2 Qg4 32.Rg1 Qxf4 33.d5 Qxe5 34.Qc1 f4 35.dxe6 Qe3
36.e7 Qxc1 37.Rxc1 Re2 38.Rf1 Rb4  0-1

[Event "Kecskemet"]
[Site "Kecskemet"]
[Date "1994.??.??"]
[Round "?"]
[White "Robovic, Saudin"]
[Black "Gyimesi, Zoltan"]
[Result "0-1"]
[WhiteElo "2415"]
[BlackElo "2430"]

1.c4 e6 2.Nf3 d5 3.b3 c5 4.Bb2 Nc6 5.g3 d4 6.Bg2 e5 7.O-O Nf6 8.e3 Be7 9.exd4 exd4
10.a3 O-O 11.Re1 a5 12.d3 h6 13.h3 Bd6 14.Nbd2 Bf5 15.Ne4 Nxe4 16.dxe4 Be6
17.a4 Qd7 18.Kh2 Rae8 19.Re2 f6 20.Ne1 g5 21.Nd3 Ne5 22.Qd2 Nxd3 23.Qxd3 Qg7
24.Rf1 Re7 25.Bc1 Rfe8 26.Bd2 b6 27.f4 Bf7 28.Qf3 Bc7 29.Rfe1 Bg6 30.h4 gxf4
31.gxf4 Qf7 32.Bh3 Kh8 33.Kh1 Bh5 34.Bg4 Bxg4 35.Qxg4 Rg8 36.Qf5 Qg7 37.Qh3 Qg3
38.Qxg3 Rxg3 39.e5 fxe5 40.fxe5 Kh7 41.Rf2 Rxb3 42.e6 Bd6 43.Re4 Rg7  0-1

[Event "Kstovo op"]
[Site "Kstovo"]
[Date "1994.??.??"]
[Round "7"]
[White "Gasthofer, Viktor"]
[Black "Koniushkov, Igor"]
[Result "1/2-1/2"]
[WhiteElo "2340"]
[BlackElo "2280"]

1.c4 e6 2.Nf3 d5 3.d4 Nf6 4.g3 dxc4 5.Qa4+ Nc6 6.Qxc4 Bd7 7.Bg2 Be7 8.O-O O-O
9.Nc3 Rb8 10.Bg5 b5 11.Qd3 b4 12.Bxf6 gxf6 13.Ne4 Na5 14.b3 f5 15.Ned2 c5
16.dxc5 Bxc5 17.Rac1 Bb6 18.Rfd1 Bb5 19.Qxd8 Rfxd8 20.Bf1 Rbc8 21.e3 Bxf1
22.Nxf1 Kg7 23.Ne5 Kf6 24.Rxc8 Rxd1 25.Nc4 Nxc4 26.Rxc4 Ra1 27.Rc2 Kg6 28.Kg2 Bd8
29.Nd2 Bf6 30.Nf3 Bc3 31.Ng1 h6  1/2-1/2

[Event "Las Palmas-B"]
[Site "Las Palmas"]
[Date "1994.??.??"]
[Round "4"]
[White "Ubilava, Elizbar"]
[Black "Miladinovic, Igor"]
[Result "0-1"]
[WhiteElo "2535"]
[BlackElo "2480"]

1.c4 e6 2.Nf3 d5 3.d4 Nf6 4.Nc3 Be7 5.Bg5 O-O 6.e3 h6 7.Bh4 Ne4 8.Bxe7 Qxe7
9.Qc2 Nxc3 10.Qxc3 c6 11.Rc1 Nd7 12.b4 dxc4 13.Bxc4 b6 14.O-O Bb7 15.Nd2 a5
16.a3 axb4 17.axb4 c5 18.dxc5 bxc5 19.b5 Nb6 20.f3 Rfd8 21.Rfd1 Qg5 22.e4 Rd4
23.Bb3 Ra3 24.h4 Qe5 25.Nf1 Na4 26.Qc2 Rxd1 27.Rxd1 Nc3 28.Bc4 Nxd1 29.Qxd1 Qc3
30.Qd8+ Kh7 31.Be2 Qd4+ 32.Qxd4 cxd4 33.Kf2 d3 34.Bd1 Ra5 35.Ke3 Rxb5 36.Nd2 Ba6
37.Bb3 Rb4 38.g3 Kg6 39.Kf2 Kf6 40.Ke3 Ke5 41.f4+ Kd6 42.e5+ Kc5 43.Bd1 Rb8
44.Ne4+ Kc4 45.Nd6+ Kc3 46.Ne4+ Kb2 47.Kd2 Rc8  0-1

[Event "Lazne Bohdanec"]
[Site "Lazne Bohdanec"]
[Date "1994.??.??"]
[Round "6"]
[White "Kuporosov, Viktor"]
[Black "Haba, Petr"]
[Result "1/2-1/2"]
[WhiteElo "2520"]
[BlackElo "2475"]

1.c4 e6 2.Nf3 d5 3.d4 Nf6 4.Nc3 Be7 5.Bg5 O-O 6.e3 h6 7.Bh4 b6 8.Bd3 dxc4
9.Bxc4 Bb7 10.O-O Nbd7 11.Rc1 a6 12.a4 Ne4 13.Bxe7 Qxe7 14.Nxe4 Bxe4 15.Bd3 Bxf3
16.Qxf3 c5 17.Qe2 cxd4 18.exd4 Qb4 19.Bxa6 Qxa4 20.Bb5 Qa7 21.Bc6  1/2-1/2

[Event "Lippstadt"]
[Site "Lippstadt"]
[Date "1994.??.??"]
[Round "3"]
[White "Matthias, Heiner"]
[Black "Luther, Thomas"]
[Result "0-1"]
[WhiteElo "2320"]
[BlackElo "2515"]

1.c4 e6 2.Nf3 d5 3.d4 c6 4.Nc3 dxc4 5.a4 Bb4 6.e3 b5 7.Bd2 a5 8.axb5 Bxc3
9.Bxc3 cxb5 10.b3 Bb7 11.bxc4 b4 12.Bb2 Nf6 13.Bd3 Nbd7 14.Qc2 Qc7 15.h4 h6
16.Ke2 Qc6 17.Rac1 O-O 18.Ba1 a4 19.Rh3 Rfb8 20.Kf1 Qc7 21.Rb1 b3 22.Qd1 Ba6
23.Nd2 Nb6 24.Qe2 Rc8 25.c5 Bxd3 26.Qxd3 Nbd5 27.Ne4 Nxe4 28.Qxe4 Rcb8 29.Qd3 Qb7
30.Rg3 a3 31.e4 Nf4 32.Qe3 Nh5 33.Rxb3  0-1

[Event "Ljubljana op"]
[Site "Ljubljana"]
[Date "1994.??.??"]
[Round "?"]
[White "Fucak, Emilijo"]
[Black "Jelen, Igor"]
[Result "1/2-1/2"]
[WhiteElo "2280"]
[BlackElo "2385"]

1.c4 e6 2.Nf3 d5 3.b3 c5 4.e3 Nf6 5.Bb2 Nc6 6.cxd5 exd5 7.Bb5 Bd6 8.d4 O-O
9.dxc5 Bxc5 10.O-O Bg4 11.Be2 Re8 12.Nc3 a6 13.Nd4 Bxe2 14.Ncxe2 Ne4 15.Nxc6 bxc6
16.Nd4 Rc8 17.Qg4 Nf6 18.Qf3 Bd6 19.Rfd1 Be5 20.Rab1 Ne4 21.Ne2 g6 22.Ng3 Ng5
23.Qe2 Bxb2 24.Rxb2 a5 25.Rc2 h5 26.h3 Re6 27.Qa6 c5 28.Qb7 Rd6 29.Ne2 Rb8
30.Qa7 Ne6 31.Nf4 Nxf4 32.exf4 c4 33.bxc4 dxc4 34.Rxd6 Qxd6 35.Rxc4 h4 36.Rd4 Rb1+
37.Kh2 Qf6 38.Qc5 Kg7 39.a4 Rf1 40.Re4 Qa1 41.Qe5+ Qxe5 42.Rxe5 Rxf2 43.Rxa5 Rxf4
44.Ra8 f5 45.a5  1/2-1/2

[Event "Lloyds Bank op"]
[Site "London"]
[Date "1994.??.??"]
[Round "5"]
[White "Adrian, Claude"]
[Black "Bisby, Daniel L"]
[Result "0-1"]
[WhiteElo "2285"]
[BlackElo "2150"]

1.c4 e6 2.Nf3 d5 3.d4 c5 4.cxd5 exd5 5.g3 Nc6 6.Bg2 Nf6 7.O-O Be7 8.Be3 c4
9.Ne5 Be6 10.b3 cxb3 11.Qxb3 Qb6 12.Rc1 Qa6 13.Nc3 O-O 14.Rab1 Ba3 15.Nxc6 bxc6
16.Rd1 Bf5 17.Qb7 Qc4 18.Rb3 Bd6 19.Rc1 Rfb8 20.Nxd5 cxd5 21.Rxc4 Rxb7 22.Rxb7 dxc4
23.Rb5 Bd7 24.Ra5 Rb8 25.h3 c3 26.Ra6 Rb6 27.Rxa7 c2  0-1

[Event "Lloyds Bank op"]
[Site "London"]
[Date "1994.??.??"]
[Round "8"]
[White "Harman, Ronald FA"]
[Black "Hassabis, Demis"]
[Result "0-1"]
[WhiteElo "2080"]
[BlackElo "2260"]

1.Nf3 e6 2.c4 d5 3.d4 c6 4.cxd5 exd5 5.e3 Bf5 6.Nc3 Nf6 7.Bd3 Bxd3 8.Qxd3 Bd6
9.O-O O-O 10.Re1 Nbd7 11.e4 dxe4 12.Nxe4 Nxe4 13.Rxe4 Nc5 14.dxc5 Bxh2+ 15.Kxh2 Qxd3
16.Rb4 b6 17.Be3 Rfe8 18.Rb3 Qd7 19.Rc1 bxc5 20.Bxc5 h6 21.Rbc3 Re2 22.R1c2 Rae8
23.Be3 Qd6+ 24.Kh3 Rxc2 25.Rxc2 Qg6 26.Rc5 Qe6+ 27.g4 Qxa2 28.Bd4 Qe6 29.Ne5 Rd8
30.Nxc6 Rd6 31.Re5  0-1

[Event "EUCup f"]
[Site "Lyon"]
[Date "1994.??.??"]
[Round "?"]
[White "Zagorskis, Darius"]
[Black "Vaisser, Anatoli"]
[Result "1/2-1/2"]
[WhiteElo "2485"]
[BlackElo "2575"]

1.c4 e6 2.Nf3 d5 3.d4 c6 4.Qc2 dxc4 5.Qxc4 Nf6 6.g3 b5 7.Qc2 Bb7 8.Bg2 Nbd7
9.Nc3 c5 10.O-O b4 11.Na4 Rc8 12.Nxc5 Nxc5 13.dxc5 Bxc5 14.Qa4+ Bc6 15.Qa6 O-O
16.Bg5 Bd5 17.Rac1 Qb6 18.Qxb6 axb6 19.Bxf6 gxf6 20.b3 Ra8 21.Rc2 Be4 22.Rb2 Rfd8
23.e3 Ra7 24.Re1 f5 25.Ng5 Bxg2 26.Kxg2 Be7 27.Nf3 Bf6 28.Rc2 Bc3 29.Ree2 Rd1
30.h3 Ra1 31.g4 fxg4 32.hxg4 h6 33.Nh2 Rd7 34.Nf1 Kg7 35.Ng3 Kg6 36.f4 Rd3
37.Kf3 f5 38.gxf5+ exf5 39.Rh2 Re1 40.Rce2 Rxe2 41.Rxe2 Bd4 42.Nf1 Bc5 43.Rg2+ Kf7
44.Ke2 Rc3 45.Kd2 b5 46.Rg3 Bb6 47.Rh3 Kg6 48.Rg3+ Kf7 49.Rh3 Kg6 50.Rg3+ Kh7
51.Rh3 Ba7 52.Rf3 Rc6 53.Rf2 Rg6 54.Rh2 Rg1 55.Ke2 Kg6 56.Kf2 Rg4 57.Kf3 Rg1
58.Kf2  1/2-1/2

[Event "Makarska"]
[Site "Makarska"]
[Date "1994.??.??"]
[Round "?"]
[White "Colovic, Dusan"]
[Black "Dizdar, Goran"]
[Result "0-1"]
[WhiteElo "2275"]
[BlackElo "2465"]

1.c4 e6 2.Nf3 d5 3.e3 Nf6 4.b3 Be7 5.Bb2 O-O 6.Qc2 c5 7.a3 Nbd7 8.Bd3 b6
9.Ng5 h6 10.h4 Bb7 11.cxd5 exd5 12.Bh7+ Kh8 13.Bf5 d4 14.exd4 cxd4 15.Bxd4 Nc5
16.Be5 Qd5 17.d4 Nxb3 18.Bxf6 Nxa1 19.Qd3 Ba6 20.Bxg7+ Kxg7 21.Qh3  0-1